000 02208cam a22003494i 4500
003 PE-LiUPU
005 20250731183418.0
008 150625s r 000 0 d
035 _a(Sirsi) a34862
040 _aPE-LiUPU
_bspa
_cPE-LiUPU
_erda
082 0 4 _a780.92
_bC / G76
_221
100 1 _aGourdet, Georges,
_eautor.
245 1 0 _aDebussy /
_cGeorges Gourdet.
264 1 _aBarcelona :
_bDaimon,
_c1968.
300 _a747 páginas :
_bilustraciones ;
_c18 cm.
336 _atext
_2rdacontent
337 _aunmediated
_2rdamedia
338 _avolume
_2rdacarrier
505 0 _aEl cuerpo humano .-El organismo humano y su constitución .-Los organos y sus funciones .-Las enfermedades y sus síntomas y su evolución .- Unas palabras sobre la historia de la medecina.-Descripción de las enfermedades más corrientes .-Enfermedades del personalidad.-Enfermedades congénitas y de la infancia.-Infecciones , traumatismo y afecciones quirúrgicas .-La ciencia y la naturaleza al servicio de la medecina .- Hidroterapia, helioterapia ,fitoterapia y crenoterapia .-Que son y que nos dice los análisis .-Como medir la temperatura .- Exploración del riñón y sus resultados.-Analisis de sangre .-Transtornos de la coagulación .-Exploración cardaica ydel sistema nervioso .-Exploración del higado .-Exploración del tubo digestivo.-Exploración funcional del aparato respiratorio.-Análisis de secreciones diversas.-Análisis de la leche materna .-Cutirreacciones e intradermorreacciones.-Exploración de las funciones endocrinas .-El arte de cuidar a los enfermos .- Las teorias y las personas en presencia de las.
526 _aP158
526 _aP146
526 _aP17
526 _aP12
526 _aP06
600 1 _aDebussy, Claude.
_d1862-1918
910 _a
942 _2ddc
_cBOOK
949 _a780.92 C / G76
_wDEWEY
_c1
_i23124
_lCCODEBUL1
_mBUL
_p00.00
_r0
_sY
_tBOOK
_u2015-06-25
_xBIBLIOTECA
_zUNKNOWN
_0COMPRA
_o.STAFF. Colección General
596 _a1
999 _a780.92 C / G76
_wDEWEY
_c42765
_i23124
_f2021-11-9
_g5
_lCCODEBUL1
_mBUL
_r0
_sY
_tBOOK
_u2015-6-25
_xEDUCACION
_zUNKNOWN
_0COMPRA
_o.STAFF. Colección General
_d42765
980 _81
_gALBERTO SANCHEZ Responsable de Automatización